000 00680nam a2200241Ia 4500
001 13951
003 GE_BSU
008 181216s||||||||xx |||||||||||||| ||und||
020 _a5724502550
040 _cGE_BSU
080 _a546(075.32)
100 _aПетров,М.М. Михилев,Л.А. Кукушкин,Ю.Н.
245 _aНеорганическая химия.
245 _bУчебник.
245 _cРед. Л.Ф.Травина.
250 _a4-е изд., перераб.
260 _aЛ.
260 _bХимия.
260 _c1989.
300 _a544 стр. 22 см. с илл.
653 _aНеорганическая химия.
942 _cBK
999 _c47094
_d47094